The Bharatiya Sakshya Adhiniyam, 2023/ (Record no. 215827)

MARC details
000 -LEADER
fixed length control field 00702nam a22002177a 4500
005 - DATE AND TIME OF LATEST TRANSACTION
control field 20260408153002.0
010 ## - LCCN (DPL NO)
LC control number ENG-148202-203
020 ## - INTERNATIONAL STANDARD BOOK NUMBER
Terms of availability 7250.00
International Standard Book Number 9788119403882
035 ## - SYSTEM CONTROL NUMBER
System control number EN-131734-735
037 ## - SOURCE OF ACQUISITION
Source of stock number/acquisition DBAD
082 ## - DEWEY DECIMAL CLASSIFICATION NUMBER
Classification number 347.4206
Edition number 28
100 ## - MAIN ENTRY--PERSONAL NAME
Personal name Ratanlal & Dhirajlal
245 00 - TITLE STATEMENT
Title The Bharatiya Sakshya Adhiniyam, 2023/
Statement of responsibility, etc by Ratanlal [and] Dhirajlal
250 ## - EDITION STATEMENT
Edition statement 28
260 ## - PUBLICATION, DISTRIBUTION, ETC. (IMPRINT)
Place of publication, distribution, etc Gurgaon
Name of publisher, distributor, etc Lexis Nexis
Date of publication, distribution, etc 2026
270 ## - ADDRESS
Address 14th Floor, Bldg. No.10, Tower-B, DLF Cyber City, Phase-II
City Gurgaon
Postal code 122002
300 ## - PHYSICAL DESCRIPTION
Extent dcxci2260p.
Dimensions 24cm(Hb)
490 ## - SERIES STATEMENT
Volume number/sequential designation 1,2
500 ## - GENERAL NOTE
General note Vol 1 Sections 1 to 50 <br/>Vol 2 Sections 51 to 170
942 ## - ADDED ENTRY ELEMENTS (KOHA)
Source of classification or shelving scheme Dewey Decimal Classification
Item type English Books
Classification part 347.4206
Call number suffix RAR
Holdings
Withdrawn status Lost status Not for loan Collection code Home library Current library Date acquired Source of acquisition Cost, normal purchase price Full call number Barcode Copy number Cost, replacement price Koha item type
    Not For Loan Reference D.B.Act.Division D.B.Act.Division 08/04/2026 Delivery of Books Act Division 3625.00 347.4206 RAR EN-131735 1 3625.00 English Books
    Not For Loan Reference Sarojini Nagar Sarojini Nagar 08/04/2026 Delivery of Books Act Division 3625.00 347.4206 RAR EN-131734 1 3625.00 English Books

© Delhi Public Library
Hit Counter
free hit counter